Text a posttext cestami poetiky a estetiky k postmoderne

Bibliographic Details
Main Author: Žilka, Tibor, 1939- (Author)
Format: Book
Language:Slovak
PhysicalDescription:161 s. sch., tab. 20 cm
Published: Nitra Univerzita Konštantína Filozofa, Filozofická fakulta 2011
ISBN:9788080948788
Edition:2. vyd.
Subjects:

MARC

LEADER 00000aam a22000005a 4500
001 vtls010288062
003 SK-MaSNL
005 20260302011821.0
008 240313s2011 xo l f 000 0 slo
015 |a SNBA2011/11-05735 
020 |a 9788080948788  |q (brož.) 
035 |a 6B736BD4-99EE-431B-9054-C8C3D84AAAEA 
035 |a urn:nbn:sk:snk-amji6n 
035 |a urn:nbn:sk:snk-am001yob 
040 |a SNK  |b slo  |c SNK  |e AACR2 
041 0 |a slo  |b eng 
044 |a xo  |c SK 
072 7 |a 82.0  |x Literatúra (teória)  |2 konspekt 
080 |a 82.02"1960/20.."  |2 2001 
080 |a 82.05/.07  |2 2001 
080 |a 82.0  |2 2001 
080 |a 81'37  |2 2001 
080 |a (048.8)  |2 2001 
100 1 |a Žilka, Tibor,  |d 1939-  |4 aut  |9 100527 
245 1 0 |a Text a posttext  |b cestami poetiky a estetiky k postmoderne  |c Tibor Žilka 
246 3 0 |a Cestami poetiky a estetiky k postmoderne 
250 |a 2. vyd. 
260 |a Nitra  |b Univerzita Konštantína Filozofa, Filozofická fakulta  |c 2011 
300 |a 161 s.  |b sch., tab.  |c 20 cm 
504 |a Bibliogr. odkazy. Men. reg. 
546 |a Angl. res. 
650 0 7 |a postmodernizmus (literatúra)  |2 SNKPH  |9 4084 
650 0 7 |a intertextualita  |2 SNKPH  |9 71406 
650 0 7 |a teória literatúry  |2 SNKPH  |9 1238 
650 0 7 |a Postmodernism (Literature)  |2 SNKPHeng  |9 132184 
650 0 7 |a Intertextuality  |2 SNKPHeng  |9 277996 
650 0 7 |a Theory of literature  |2 SNKPHeng  |9 283113 
650 0 7 |a sémantika  |2 SNKPH  |9 22710 
650 0 7 |a Semantics  |2 SNKPHeng  |9 278516 
650 0 7 |a literárna estetika  |2 SNKPH  |9 71240 
650 0 7 |a Aesthetics of literature  |2 SNKPHeng  |9 133313 
655 7 |a monografie  |2 SNKPH  |9 70139 
655 7 |a Monographs  |2 SNKPHeng  |9 120675 
710 2 |a Univerzita Konštantína Filozofa v Nitre.  |b Filozofická fakulta  |4 pbl 
852 |a Štátna vedecká knižnica v Banskej Bystrici 
919 |a 978-80-8094-878-8 
958 |a LX 
958 |a OND 
968 |d 82 
999 |c 1007498  |d 1009428 
952 |a SNK  |b SNK  |y PREZ  |7 0  |p 17A0705460  |o snkSC 145926  |i snk2011/14383  |8 0  |0 0  |1 0  |4 0  |d 2011-06-23  |l 0  |r 2025-07-15 00:00:00  |w 2026-02-24 
952 |a SNK  |b SNK  |y VYP  |7 0  |p 17A0705461  |o snkSC 145926 D1  |i snk2011/14385  |8 0  |0 0  |1 0  |4 0  |d 2011-06-23  |l 0  |r 2026-02-24 12:40:50  |w 2026-02-24